书目信息 |
| 题名: |
美丽观赏鸟鉴赏与饲养
|
|
| 作者: | 张春红 主编 | |
| 分册: | ||
| 出版信息: | 哈尔滨 黑龙江科学技术出版社 2018 |
|
| 页数: | 167页 | |
| 开本: | 24cm | |
| 丛书名: | ||
| 单 册: | ||
| 中图分类: | S865.3 | |
| 科图分类: | ||
| 主题词: | 鸟类--驯养 | |
| 电子资源: | ||
| ISBN: | 978-7-5388-9861-3 | |
| 000 | 00756nam0 2200241 450 | |
| 001 | 012001005385 | |
| 005 | 20141212171336.0 | |
| 010 | @a978-7-5388-9861-3@dCNY39.80 | |
| 099 | @aCAL 012019085472 | |
| 100 | @a20190325d2018 em y0chiy50 ea | |
| 101 | 0 | @achi |
| 102 | @aCN@b230000 | |
| 105 | @aa z 000yy | |
| 106 | @ar | |
| 200 | 1 | @a美丽观赏鸟鉴赏与饲养@f张春红主编 |
| 210 | @a哈尔滨@c黑龙江科学技术出版社@d2018 | |
| 215 | @a167页@c彩图@d24cm | |
| 330 | @a本书分别介绍了观赏鸟的种类和特征、如何挑选优良的观赏鸟、准备养鸟用品、科学饲养观赏鸟、训练观赏鸟的技艺、培育鸟宝宝、维护鸟的健康等内容。 | |
| 606 | 0 | @a鸟类@x驯养 |
| 690 | @aS865.3@v5 | |
| 701 | 0 | @a张春红@4主编 |
| 801 | 0 | @aCN@b江苏凤凰@c20191020 |
| 905 | @b1208049-52@dS865.3@e212@f4 | |
| 美丽观赏鸟鉴赏与饲养/张春红主编.-哈尔滨:黑龙江科学技术出版社,2018 |
| 167页:彩图;24cm |
| ISBN 978-7-5388-9861-3:CNY39.80 |
| 本书分别介绍了观赏鸟的种类和特征、如何挑选优良的观赏鸟、准备养鸟用品、科学饲养观赏鸟、训练观赏鸟的技艺、培育鸟宝宝、维护鸟的健康等内容。 |
| ● |
| 相关链接 |
|
|
|
|
正题名:美丽观赏鸟鉴赏与饲养
索取号:S865.3/212
 
预约/预借
| 序号 | 登录号 | 条形码 | 馆藏地/架位号 | 状态 | 备注 |
| 1 | 1208049 | 212080497 | 第二样本阅览室/ [索取号:S865.3/212] | 在馆 | |
| 2 | 1208050 | 212080503 | 第三借阅区/ [索取号:S865.3/212] | 在馆 | |
| 3 | 1208051 | 212080512 | 第三借阅区/ [索取号:S865.3/212] | 在馆 | |
| 4 | 1208052 | 212080521 | 第三借阅区/ [索取号:S865.3/212] | 在馆 |